MDQL
is popping MORE tags! Check the
thread
!
Quizzes
Events
Quiz Creation
Community
Videos
Private Events
Remove Ads
Sign In
Join for FREE
Feedback
Dark Mode
Quiz Categories
Sports
Geography
Music
Movies
Television
Just For Fun
Miscellaneous
History
Literature
Language
Science
Gaming
Entertainment
Religion
Holiday
For Kids
Quiz Lab
Recent
Popular Today
Quiz Kudos Today
Editor Picks
Curator Picks
Quizzes by...
Day
Popularity
Type
Ratings
Length
Year
Community
Subscriptions
Recent Discussions
Orange Saloon
Badges
Playlists
Quests
Create
Leaderboards
Showdown
Live 5
Trivia Bingo
Activity
Puzzle Library
Sporcle Events
Private Events
Virtual Trivia
Globe League
Become a Host
Pub Owners
SporcleCon
Opinionation
Our Games
Videos
Blog
Mobile Apps
Partnerships
Remove Ads and Go Orange
Feedback
Music
Pop Music
The Beatles
Song
Album
Lyrics
Bands
Singers
Artist
Clip
Rock
Rap
Classical
Billboard
Country Music
Kpop
Taylor Swift
Music
Pop Music
The Beatles
Song
Album
Lyrics
Bands
Singers
Artist
Clip
Rock
Rap
Classical
Billboard
Country Music
Kpop
Taylor Swift
Random Quiz
Search Sporcle
×
Quiz Lab
Quiz Lab
Music
Lyrics
Type in answers that appear in a list
Type in answers that appear in a list
Classic
Best Score? Go Orange.
Quest For Camelot Lyrics 5 Stats
Can you name the If I Didn't Have You Lyrics?
By
gallagher_girl
10m
299 Questions
157 Plays
157 Plays
157 Plays
Comments
Comments
Give Quiz Kudos
Give Quiz Kudos
-
- Ratings
hide this ad
Replay
Link that replays current quiz
Next Quiz
Link to next quiz in quiz playlist
You Got
0%
They Got
Avg Score
86%
Avg Friend Score
Upgrade to see
Score Distribution
Jump to the score distribution portion of the page
Score
0/299
Timer
10:00
0
Plays Today
% Correct
I
100%
I
100%
I
100%
I
100%
I
100%
I
100%
I
100%
I
100%
I
100%
I
100%
I
100%
I
100%
I
100%
I
100%
I
100%
I
100%
I
100%
I
100%
I
100%
I
100%
I
100%
I
100%
I
100%
I
100%
If
99.4%
If
99.4%
If
99.4%
if
99.4%
if
99.4%
if
99.4%
If
99.4%
If
99.4%
If
99.4%
if
99.4%
if
99.4%
if
99.4%
If
99.4%
If
99.4%
If
99.4%
if
99.4%
if
99.4%
if
99.4%
if
99.4%
if
99.4%
be
98.7%
be
98.7%
be
98.7%
be
98.7%
be
98.7%
be
98.7%
be
98.7%
be
98.7%
be
98.7%
be
98.7%
be
98.7%
be
98.7%
be
98.7%
be
98.7%
be
98.7%
be
98.7%
be
98.7%
the
98.1%
the
98.1%
a
98.1%
the
98.1%
didn't
98.1%
have
98.1%
didn't
98.1%
didnt
98.1%
have
98.1%
didn't
98.1%
have
98.1%
didn't
98.1%
have
98.1%
didn't
98.1%
have
98.1%
the
98.1%
the
98.1%
the
98.1%
the
98.1%
didn't
98.1%
have
98.1%
didn't
98.1%
have
98.1%
didn't
98.1%
have
98.1%
didn't
98.1%
have
98.1%
a
98.1%
and
98.1%
and
98.1%
have
98.1%
the
98.1%
the
98.1%
a
98.1%
the
98.1%
the
98.1%
didn't
98.1%
have
98.1%
didn't
98.1%
% Correct
have
98.1%
have
98.1%
didn't
98.1%
have
98.1%
didn't
98.1%
have
98.1%
didn't
98.1%
didn't
98.1%
Have
98.1%
you
97.5%
you
97.5%
you
97.5%
you
97.5%
you?
97.5%
you
97.5%
you
97.5%
you
97.5%
you
97.5%
you
97.5%
you
97.5%
you
97.5%
you
97.5%
you
97.5%
you
97.5%
you
97.5%
you
97.5%
you
97.5%
I'd
94.9%
I'd
94.9%
I'd
94.9%
I'd
94.9%
I'd
94.9%
I'd
94.9%
I'd
94.9%
I'd
94.9%
I'd
94.9%
I'd
94.9%
I'd
94.9%
I'd
94.9%
with
94.3%
with
94.3%
would
94.3%
would
94.3%
would
94.3%
would
94.3%
with
94.3%
with
94.3%
with
94.3%
would
94.3%
would
94.3%
would
94.3%
would
94.3%
dinos
91.1%
dinos
91.1%
rocking
90.4%
rhinos
90.4%
rocking
90.4%
rhinos
90.4%
only
89.2%
only
89.2%
only
89.2%
Camelot
88.5%
in
87.9%
in
87.9%
in
87.9%
in
87.9%
of
87.3%
of
87.3%
of
87.3%
this
86.6%
this
86.6%
world
86.6%
me
86.6%
me
86.6%
my
86.6%
world
86.6%
me
86.6%
me
86.6%
me
86.6%
this
86.6%
My
86.6%
this
86.6%
world
86.6%
my
86.6%
swinging
86%
it
86%
star
86%
Swinging
86%
it
86%
Oh
85.4%
Oh
85.4%
Oh
85.4%
Oh
85.4%
Oh
85.4%
Oh
85.4%
Oh
85.4%
Oh
85.4%
Oh
85.4%
minute
84.7%
Cornwal
84.7%
% Correct
they
84.7%
dragon
84.7%
what
84.7%
what
84.7%
what
84.7%
what
84.7%
what
84.7%
minute
84.7%
they
84.7%
dragon
84.7%
What
84.7%
what
84.7%
king
84.1%
without
84.1%
without
84.1%
Without
84.1%
king
84.1%
without
84.1%
love
83.4%
You'd
83.4%
you'd
83.4%
You'd
83.4%
You'd
83.4%
you'd
83.4%
love
83.4%
could
82.2%
arts
82.2%
could
82.2%
arts
82.2%
could
82.2%
had
80.3%
career
80.3%
career
80.3%
was
79.6%
do
79.6%
was
79.6%
do
79.6%
do
79.6%
do
79.6%
do
79.6%
there
78.3%
there
78.3%
parts
77.7%
Cause
75.8%
forgot
75.8%
so
75.8%
so
75.8%
so
75.8%
Cause
75.8%
so
75.8%
whole
75.2%
dead
74.5%
sing
73.2%
half
73.2%
sing
73.2%
to
72%
to
72%
that
71.3%
should
71.3%
lucky
69.4%
no
69.4%
cave
68.2%
cave
68.2%
seperate
66.2%
lizard
66.2%
brain
66.2%
Well
65%
one
64.3%
wizard
64.3%
how
63.7%
fire-breathing
63.1%
think
63.1%
your
62.4%
your
62.4%
which
62.4%
about
59.9%
wait
58.6%
tired
56.7%
I'm
56.7%
I'm
56.7%
tired
56.7%
high-flying
54.8%
extinct
54.8%
bragging
54.8%
nagging
53.5%
were
52.2%
Life
51.6%
cease
50.3%
these
47.8%
both
47.8%
feet
44.6%
re-dragonize
43.9%
re-dragonize
43.9%
Cornwall
41.4%
sweet
40.8%
got
39.5%
babe
26.8%
mothing
7.6%
didn'tdidnt
7.6%
Quiz Playlist
Details
Report
Send in Message
Add To Playlist
Classic:
Type in answers that appear in a list
Last Updated: Feb 16, 2017
Quiz Scoreboard
CHALLENGE
Sign Up to Join the Scoreboard
Show All
Scores
Hide
Comments
May contain spoilers
Recently Published
Colored Red Africa Blitz
by spor1
Geography
30s
Find the 'City' Movie
by crazypaving
Movies
60s
5x2 Blitz: Bands
by SL_Kpop136
Music
30s
More to Explore
Quiz From the Vault
Featured Blog Post
14 Easter Pick-up Lines to Find Eggs With
hide this ad
You Might Also Like...
Tags
Lyrics Quiz
camelot
Quest
Today's Top Quizzes in Music
Browse Music
hide this ad
Today's Top Quizzes in Lyrics
Browse Lyrics
Top Contributed Quizzes in Music
1
5X2 Blitz: Bands II
2
Taylor Swift Logic Puzzle II
3
Taylor Swift All Songs (2024)
4
5X2 Blitz: The Beatles
5
5X2 Blitz: Billboard
6
5X2 Blitz: Singers
7
5X2 Blitz: Album
8
5X2 Blitz: Rock
9
Music Artist by Three 2010s hits
10
5X2 Blitz: Billboard II
Explore More
Trending Topics
Kpop
Marvel
NBA
Crossword
Anime
Harry Potter
Disney
WWE
Pokémon
The Office
Country
Soccer
Song
NFL
Puzzle
hide this ad
More By:
gallagher_girl
Quiz
Plays
Rating
Category
Featured
Created
Tangled Lyrics 8
3,430
4.29
Music
Jan 29, 2012
Tangled Lyrics
3,230
4.73
Music
Jan 29, 2012
Anastasia Lyrics 2
1,151
4.67
Music
Jan 30, 2012
Tangled Lyrics 5
1,068
2.00
Music
Jan 29, 2012
Tangled Lyrics 9
935
4.67
Music
Jan 29, 2012
Go to Creator's Profile
Score Distribution
Quiz Creator Spotlight
gallagher_girl
Follow
Send a Message
Quizzes Created
-
Created Quiz Play Count
-
More By This Creator
Popular Quizzes Today
1
Find the 'City' Movie
2
5x2 Blitz: Bands
3
Colored Red Africa Blitz
4
Find the US States - No Outlines Minefield
5
The Countries of the World
6
Find the US States
7
9x9 Crossword: Cartoon Network
8
US States
More Music Quizzes
Quick Pick: INXS Songs
Quiz Lab
Trending Quizzes
Colored Red Europe Blitz I
Colored Red Africa Blitz II
Colored Red Europe Blitz III
Colored Red Europe Blitz II
Colored Red Africa Blitz III
Recently Updated
Champions League XIs: Real Madrid
pecheneg
Largest US Cities 1790-2010
pecheneg
Rides in Walt Disney World
pecheneg
Most Oscar Losses (Acting)
pecheneg
Beyoncé Albums
pecheneg
Leaping Animals
pecheneg
Reality TV Shows (A-Z)
bhenderson79
Rickey Henderson's Hall of Fame Teammates
pecheneg
Champions League XIs: Arsenal
pecheneg
Quick Pick: Celebrities in WWE's Hall of Fame
aduchscher
Trending Topics
NBA
Crossword
Kpop
Disney
Anime
Harry Potter
Marvel
The Office
Puzzle
Song
Soccer
Country
WWE
NFL
Pokémon
Your Account Isn't Verified!
In order to create a playlist on Sporcle, you need to verify the email address you used during registration. Go to your
Sporcle Settings
to finish the process.
Report this User
Report this user for behavior that violates our
Community Guidelines
.
Details:
Send Report
Go to the Sporcle.com Mobile Site →
Comments